Un muchacho del siglo XX
שמור ב:
| מחבר ראשי: | |
|---|---|
| פורמט: | ספר |
| שפה: | ספרדית |
| יצא לאור: |
Santiago
Universitaria
2006
|
| סדרה: | Premios Nacionales de Literatura
|
| נושאים: | |
| תגים: |
הוספת תג
אין תגיות, היה/י הראשונ/ה לתייג את הרשומה!
|
MARC
| LEADER | 00000nam a2200000 a 4500 | ||
|---|---|---|---|
| 001 | UCH2214 | ||
| 003 | CL-VaPUC | ||
| 008 | 090604e20060000CL |||||||||||||||||spa|d | ||
| 020 | |a 9561118920 | ||
| 082 | 0 | 4 | |a 923.2 |b TEI |2 21 |
| 100 | 0 | |a Teitelboim, Volodia |e author |9 406422 | |
| 245 | 1 | 3 | |a Un muchacho del siglo XX |
| 300 | |a 535 p | ||
| 942 | |c BK | ||
| 945 | |d 20090604 00:00:00 |a rbrito | ||
| 260 | |a Santiago |b Universitaria |c 2006 | ||
| 650 | 0 | |a Autobiografías |9 265171 | |
| 650 | 0 | |a Política |9 255312 | |
| 650 | 0 | |a Cultura |9 269059 | |
| 650 | 0 | |a Comunismo |9 255588 | |
| 651 | 7 | |a CHILE |2 CL-VaPUC |9 536881 | |
| 583 | |a last modification |c 20090604 00:00:00 |k Rodrigo Vera | ||
| 490 | 0 | |a Premios Nacionales de Literatura | |
| 999 | |c 334001 |d 333999 | ||
| 952 | |0 0 |1 0 |4 0 |6 923_200000000000000_TEI_2006 |7 0 |8 X |9 422701 |a FDOBUD |b FDOBUD |d 2019-11-22 |i 4556402 |o 923.2 TEI 2006 |p 4556402 |r 2019-11-22 |w 2019-11-22 |y BK_X |k BUD | ||